000 00733nam a2200193 a 4500
008 191203s1995 ||||||||||||||||| || u
020 _a9780750606202
050 _aRJ 53. P5 She
100 _aShepherd, Roberta B
245 1 0 _aPhysiotherapy in paediatrics (third edition)
_cBy Roberta B. Shepherd
250 _a3rd edition
260 _aLondon
_bButterworth-Heineman
_c1995
300 _ax, 420 pages : illustrations
350 _a73.21
650 _aPHYSICAL THERAPY FOR CHILDREN
650 0 _aPEDIATRICS
650 0 _aPHYSICAL THERAPY
995 _aMEDICAL LIBRARY OPEN ACCESS
_e904581
_FCBU-SCHOOL OF MEDICINE LIBRARY (Ndola)
_I73.21
_jRJ 53. P5 She
_M1
_UAVAILABLE
_WDec 12, 2019
_y904581
_ZMedical Library Open Access Collection
999 _c32398
_d32398